| 000 | 00445nam a2200169Ia 4500 | ||
|---|---|---|---|
| 008 | 221030s9999 xx 000 0 und d | ||
| 020 | _a8125912762 | ||
| 041 | _aEnglish | ||
| 082 |
_a105.23 _bSun |
||
| 100 | _aV. Sundaram | ||
| 245 | 0 |
_aEngineering Mathematics _cby V. Sundaram, R. Balasubramanian |
|
| 260 |
_bVikas Pub House. _aNew Delhi _c2002 |
||
| 300 | _a1000 | ||
| 650 | _aBE Mathematics | ||
| 700 | _aR. Balasubramanian | ||
| 942 | _cBK | ||
| 999 |
_c8046 _d8046 |
||